El emperador Jones

Guardat en:
Dades bibliogràfiques
Autor principal: O'Neill, Eugene (autor)
Format: Llibre
Idioma:espanyol
Publicat: Santiago Ercilla 1936
Col·lecció:Excelsior, 25
Matèries:
Etiquetes: Afegir etiqueta
Sense etiquetes, Sigues el primer a etiquetar aquest registre!

MARC

LEADER 00000nam a2200000 a 4500
001 UCK4167
003 CL-VaPUC
008 050520e19361223CL |||||||||||||||||spa|d
082 0 4 |a 812  |b ONE  |2 21 
100 |a O'Neill, Eugene  |e autor  |9 302230 
245 1 3 |a El emperador Jones 
300 |a 92 p 
942 |c BK 
945 |d 20050520 00:00:00  |a jcarroza 
260 |a Santiago  |b Ercilla  |c 1936 
650 7 |a DRAMAS ESTADOUNIDENSES  |2 CL-VaPUC  |9 267218 
650 0 |a Literatura estadounidense  |9 317168 
650 7 |a TEATRO ESTADOUNIDENSE  |2 CL-VaPUC  |9 265812 
583 |a last modification  |c 20050520 00:00:00  |k Rodrigo Vera 
490 0 |a Excelsior, 25 
999 |c 313120  |d 313118 
952 |0 0  |1 0  |4 0  |6 812_000000000000000_ONE_1936  |7 0  |8 A  |9 384213  |a BIBARQ  |b BIBARQ  |d 2019-11-22  |i 4038967  |o 812 ONE 1936  |p 4038967  |r 2025-01-20  |w 2019-11-22  |y BK  |k ARQ